000 00507nam a2200193 i 4500
001 5970
003 ES-MaACL
005 20230906144742.0
007 t|
008 890619s1987 fr ||||1| fre d
020 _a2-86853-054-0
080 _a84-14"19"
080 _a84(Leiris,M.7 O.01)
100 1 _aLeiris, Michel.
_971391
245 1 0 _aOndes /
_cMichel Leiris.
260 _aParis :
_bLe temps qu'il fait,
_c1987.
300 _a[38] p. ;
_c24 cm.
852 _aES-MaACL
_jL-13123
_bR.115980
_z. - rust.
999 _c5970
_d5970